Statistics for Spider-Man Movies

Click here to take the quiz!

General Stats

  • This quiz has been taken 86 times
    (48 since last reset)
  • The average score is 11 of 14

Answer Stats

YearSeriesTitleBox Office% Correct
2017MCUSpider-Man: Homecoming$880.2 Million
100%
2019MCUSpider-Man: Far From Home–––––––––––
100%
1977The Amazing Spider-ManSpider-Man–––––––––––
97%
1978Spider-Man (Japanese)Spider-Man–––––––––––
97%
2002Raimi SeriesSpider-Man$821.7 Million
97%
2004Raimi SeriesSpider-Man 2$783.8 Million
97%
2007Raimi SeriesSpider-Man 3$890.9 Million
97%
2012Webb SeriesThe Amazing Spider-Man$757.9 Million
89%
2014Webb SeriesThe Amazing Spider-Man 2$709 Million
89%
2018MCUAvengers: Infinity War$2037 Million
89%
2016MCUCaptain America: Civil War$1153 Million
81%
2019MCUAvengers 4–––––––––––
36%
1981The Amazing Spider-ManSpider-Man: The Dragon's Challenge–––––––––––
6%
1978The Amazing Spider-ManSpider-Man Strikes Back–––––––––––
3%

Score Distribution

Percentile by Number Answered

Percent of People with Each Score

Your Score History

You have not taken this quiz since the last reset